Introducción a la política

Uloženo v:
Podrobná bibliografie
Hlavní autor: Duverger, Maurice
Médium: Text
Vydáno: Barcelona: Editorial Ariel
Vydání:5
Tagy: Přidat tag
Žádné tagy, Buďte první, kdo vytvoří štítek k tomuto záznamu!

MARC

LEADER 00000 a a2200000 04500
001 12563
003
040
020 |a 84-344-1777-4  
022 |a 84-344-1777-4  
090 |a 030100  
100 |a Duverger, Maurice  
245 |a Introducción a la política  
250 |a 5  
260 |a Barcelona:   |b Editorial Ariel  
300 |a 284 p.  
999 |c 14349  |d 14349